00405pam a2200157a 44500008004100000020002400041082001500065100001700080245004400097260003200141300001000173700001700183700001700200906001100217999001900228230405s2005 xxu||||| |||| 00| 0 eng d a8180614948cRs. 192 a618.1bBAS aBasu, Partha aPractical Approach Gynaecology Oncology aNew DelhibJaypee Pubc2005 a237 p aPandey, Alka aSingh, Anita a000726 c249494d249494